| 000 | 00659nam a2200193 i 4500 | ||
|---|---|---|---|
| 001 | 172995 | ||
| 003 | ES-MaACL | ||
| 005 | 20230906215111.0 | ||
| 008 | 091002s1946 sp |||| | spa d | ||
| 080 | _a821.111(73)-32"18" | ||
| 100 | 1 |
_aTwain, Mark. _9111791 |
|
| 245 | 1 | 0 |
_aUna novela de la Edad Media _b; seguida de Diario de Eva ; y Gran revolución en Pitcairn / _cMark Twain. |
| 246 | 1 | 3 | _aNovela de la Edad Media |
| 260 |
_aBarcelona : _bPalmyra, _c1946. |
||
| 300 |
_a108 p. ; _c17 cm. |
||
| 740 | 0 | _aDiario de Eva. | |
| 740 | 0 | _aGran revolución en Pitcairn. | |
| 852 | 4 |
_aES-MaACL _jE-13014 _9R.139305 . - _zBiblioteca Jacinto Martínez Lacalle |
|
| 999 |
_c172995 _d172995 |
||